Welcome to CU Library Online Public Access Catalogue (OPAC)

Analysis for strategic marketing / (Record no. 5684)

MARC details
000 -LEADER
fixed length control field 00556cam a2200193 a 4500
001 - CONTROL NUMBER
control field 4014615
005 - DATE AND TIME OF LATEST TRANSACTION
control field 20250506163722.0
008 - FIXED-LENGTH DATA ELEMENTS--GENERAL INFORMATION
fixed length control field 970320s1998 maua b 001 0 eng
020 ## - INTERNATIONAL STANDARD BOOK NUMBER
International Standard Book Number 0321001982
050 00 - LIBRARY OF CONGRESS CALL NUMBER
Classification number HF5415
Item number .R3242 1998
082 00 - DEWEY DECIMAL CLASSIFICATION NUMBER
Classification number 658.8/02
Edition information 21
100 1# - MAIN ENTRY--PERSONAL NAME
Personal name Rao, Vithala R.
245 10 - TITLE STATEMENT
Title Analysis for strategic marketing /
Statement of responsibility, etc. Vithala R. Rao, Joel H. Steckel.
260 ## - PUBLICATION, DISTRIBUTION, ETC.
Place of publication, distribution, etc. Reading, Mass. :
Name of publisher, distributor, etc. Addison-Wesley,
Date of publication, distribution, etc. c1998.
300 ## - PHYSICAL DESCRIPTION
Extent xiii, 514 p. :
Other physical details ill. ;
Dimensions 24 cm.
650 #0 - SUBJECT ADDED ENTRY--TOPICAL TERM
Topical term or geographic name entry element Marketing.
700 1# - ADDED ENTRY--PERSONAL NAME
Personal name Steckel, Joel H.
942 ## - ADDED ENTRY ELEMENTS (KOHA)
Source of classification or shelving scheme Library of Congress Classification
Koha item type Books
Suppress in OPAC No
999 ## -
-- 5684
-- 5684
Holdings
Withdrawn status Lost status Source of classification or shelving scheme Damaged status Not for loan Collection Home library Current library Shelving location Date acquired Total checkouts Full call number Barcode Date last seen Copy number Price effective from Koha item type
    Library of Congress Classification     Non-fiction Undergraduate Library (Christ Temple) Undergraduate Library (Christ Temple) General stacks 05/06/2025   HF5415 RAO ulct00002251 05/06/2025 1 05/06/2025 Books
    Library of Congress Classification     Non-fiction Undergraduate Library (Christ Temple) Undergraduate Library (Christ Temple) General stacks 05/06/2025   HF5415 RAO ulct00002252 05/06/2025 2 05/06/2025 Books
© 2023-2024 Copyright: Central University Libraries. All Rights Reserved | Created by: Mahone Tech Office